00652 a2200229 4500260001000000630011500010650003100125100003200156260001900188245004300207300001100250650001500261650001800276650003100294260000900325300001000334100000700344440004100351037001000392037001000402037001000412 aParis a91 - Geographie. Exploration de la terre, des diverses regions, des divers pays. Voyages. Geographie regionale a9 - GEOGRAPHIE ET HISTOIRE aBeaujeu-Garnier, Jacqueline bM. Th. Génin aGéographie de la population : tome 1 a435 p. aPopulation aDémographie aCroissance démographique c1956 b25 cm lFr aGéographie économique et sociale a14695 a14696 a14697